Stop the Planet of the Apes I Want to Get Off! Quiz Stats

 Plays Quiz Updated Feb 7, 2021

Support Sporcle.
Go Orange.
Score 0/199 Timer 07:00
0 Plays Today
% Correct
a
94.8%
a
94.8%
a
94.8%
a
94.8%
a
94.8%
I
93.8%
I
93.8%
I
93.8%
I
93.8%
I
93.8%
I
93.8%
I
93.8%
I
93.8%
Of
88.7%
of
88.7%
of
88.7%
the
86.5%
the
86.5%
you
84.7%
you
84.7%
You
84.7%
you
84.7%
you,
84.7%
ape!
83.1%
ape
83.1%
me,
81.9%
me,
81.9%
me?
81.9%
me.
81.9%
me!
81.9%
to
77.2%
to
77.2%
off
75.6%
Get
75.1%
can
73.1%
can
73.1%
can
73.1%
can
73.1%
can
73.1%
can
73.1%
can
73.1%
can
73.1%
Can
73.1%
can.
73.1%
He
72.3%
He
72.3%
He
72.3%
He
72.3%
He
72.3%
He
72.3%
He
72.3%
we
72.2%
your
71.2%
Dr.
71%
Dr.
71%
Dr.
71%
Dr.
71%
Dr.
71%
Dr.
71%
Dr.
71%
Dr.
71%
Dr.
71%
Dr.
71%
Dr.
71%
Dr.
71%
Dr.
71%
Dr.
71%
% Correct
Dr.
71%
Dr.
71%
Dr.
71%
Dr.
71%
Dr.
71%
Dr.
71%
Dr.
71%
Dr.
71%
Dr.
71%
Dr.
71%
Dr.
71%
Dr.
71%
Dr.
71%
Dr.
71%
Dr.
71%
Dr.
71%
Dr.
71%
Dr.
71%
Dr.
71%
It
69.5%
Dr.
69.2%
Dr.
69.2%
Dr.
69.2%
you're
69.2%
You're
69.2%
dirty
67.9%
monkey
66.5%
monkey...
66.5%
monkey...
66.5%
monkey
66.5%
Zaius!
66%
Zaius!
66%
Zaius!
66%
Zaius!
66%
Zaius!
66%
Zaius!
66%
Zaius!
66%
Zaius!
66%
Zaius!
66%
Zaius!
66%
Zaius!
66%
Zaius!
66%
Zaius!
66%
Zaius!
66%
Zaius!
66%
Zaius!
66%
Zaius!
66%
Zaius!
66%
Zaius!
66%
Zaius!
66%
Zaius!
66%
Zaius!
66%
Zaius!
66%
Zaius!
66%
Zaius!
66%
Zaius!
66%
Zaius!
66%
Zaius!
66%
Zaius!
66%
Zaius!
66%
Zaius!
66%
Zaius
66%
Zaius!
66%
Ooh,
65.9%
out
65.5%
out
65.5%
Oh
65.1%
% Correct
Oh,
65.1%
Oh,
65.1%
Oh,
65.1%
Oh,
65.1%
paws
64.8%
Zaius!
64.3%
Zaius!
64.3%
Zaius!
64.3%
love
63.6%
was
60.9%
was
60.9%
all
60.9%
Yes
60.7%
Yes,
60.7%
talk!
60.3%
talk!
60.3%
talk!
60.3%
talk!
60.3%
talk!
60.3%
talk!
60.3%
talk!
60.3%
made
60%
made
60%
made
60%
Want
58.3%
From
57.9%
siiiiiiiing!
57.9%
see
57.7%
Earth
57.2%
my
56.6%
No,
56.5%
wrong
56.1%
wrong,
56.1%
course
55.3%
make
55.2%
finally
54.8%
finally
54.8%
finally
54.8%
along.
54.5%
never
53.5%
with
53.2%
Well,
52.7%
every
52.5%
chimpan-z,
52.4%
couldn't
52.4%
hate
52.2%
play
51.9%
before.
51.8%
piano
51.6%
you'll
51.2%
chimpan-a
51%
Help,
49.8%
help
49.8%
What's
48.8%
think
47.4%
God,
47.1%
anymore?
44.8%
crazy.
43.9%
also
43.5%
lazy.
42.8%
second
41.9%
opinion.
41.8%
escape!
36.1%
human's
31.8%
about
29.4%

You're not logged in!

Compare scores with friends on all Sporcle quizzes.
OR
Log In

From the Vault

Spot the Difference XXXI

by Cutthroat

If you can name the camera used just from one photograph, you've advanced way beyond this series.
Remove Ads.
Support Sporcle.
Get the best of Sporcle when you Go Orange. This ad-free experience offers more features, more stats, and more fun while also helping to support Sporcle. Thank you for becoming a member.

Show Comments

Extras

Top Quizzes Today


Score Distribution

Your Account Isn't Verified!

In order to create a playlist on Sporcle, you need to verify the email address you used during registration. Go to your Sporcle Settings to finish the process.

Report this User

Report this user for behavior that violates our Community Guidelines.

Details: